[Event "IIFL Wealth 4th Mumbai GM"]
[Site "Mumbai"]
[Date "2019.01.06"]
[Round "8"]
[White "Siva Mahadevan"]
[Black "Nikhil Magizhnan"]
[Result "0-1"]
[WhiteElo "2333"]
[BlackElo "2148"]
[Annotator "NA"]
[PlyCount "140"]
[EventDate "2018.12.30"]
[EventType "swiss"]
[EventCountry "IND"]
[SourceTitle "playchess.com"]
[Source "ChessBase"]
[SourceQuality "1"]
[TimeControl "40/5400+30:1800+30"]

1. d4 {[%emt 0:00:19]} Nf6 {[%emt 0:00:00]} 2. Nf3 {[%emt 0:00:17]} e6 {[%emt 0:00:00]} 3. Bg5 {[%emt 0:00:09]} d5 {[%emt 0:00:41]} 4. e3 {[%emt 0:00:12]} c5 {[%emt 0:00:25]} 5. c3 {[%emt 0:00:04]} Nc6 {[%emt 0:00:15]} 6. Nbd2 {[%emt 0:00:06]} h6 {[%emt 0:00:15]} 7. Bh4 {[%emt 0:00:19]} Bd6 {[%emt 0:01:49]} 8. Bd3 {[%emt 0:00:24]} e5 {[%emt 0:00:50] D03: 1 d4 d5 2 Nf3 Nf6 3 Bg5, including Torre Attack with early ...d5} (8... O-O 9. Qe2 e5 10. dxc5 Bxc5 11. e4 d4 12. O-O dxc3 13. bxc3 Be7 14. Bg3 Bg4 15. h3 Bh5 16. Nc4 {0-1 (35) Vitiugov,N (2738)-Dragun,K (2547) Wroclaw 2014}) 9. dxe5 {[%emt 0:01:50]} Nxe5 {[%emt 0:01:04]} 10. Nxe5 {[%emt 0:00:13]} Bxe5 {[%emt 0:00:04]} 11. Nf3 {[%emt 0:00:13]} Bc7 {[%emt 0:01:59]} 12. Bb5+ {[%emt 0:01:52]} Bd7 {[%emt 0:02:19]} 13. Bxf6 {[%emt 0:00:25]} gxf6 {[%emt 0:00:04]} 14. Qa4 {[%emt 0:00:28]} a6 {[%emt 0:02:52]} 15. Bxd7+ {[%emt 0:00:03]} Qxd7 {[%emt 0:00:02]} 16. Qxd7+ {[%emt 0:00:47]} Kxd7 {[%emt 0:00:01]} 17. O-O-O $146 {[%emt 0:00:13]} Ke6 {[%emt 0:00:16]} 18. Rd3 {[%emt 0:00:32]} Rad8 {[%emt 0:00:41]} 19. Rhd1 {[%emt 0:00:10]} f5 {[%emt 0:04:46]} 20. g3 {[%emt 0:03:29]} b5 {[%emt 0:00:17]} 21. b4 {[%emt 0:01:07]} c4 {[%emt 0:01:41]} 22. R3d2 {[%emt 0:00:17]} Be5 {[%emt 0:01:38]} 23. Kc2 {[%emt 0:00:18]} Rd6 {[%emt 0:00:59]} 24. a4 {[%emt 0:00:48]} Ra8 {[%emt 0:00:54]} 25. Ra1 {[%emt 0:01:01]} Rdd8 {[%emt 0:00:37]} 26. Rdd1 {[%emt 0:32:16]} Bf6 {[%emt 0:00:32]} 27. Rdb1 {[%emt 0:01:56]} Rdb8 {[%emt 0:00:27]} 28. a5 {[%emt 0:09:00]} Rd8 {[%emt 0:10:17]} 29. Rd1 {[%emt 0:00:32]} Rd6 {[%emt 0:00:36]} 30. Rac1 {[%emt 0:00:05]} Rh8 {[%emt 0:01:12]} 31. Kd2 {[%emt 0:00:10]} Rhd8 {[%emt 0:00:18]} 32. Ke2 {[%emt 0:00:08]} R8d7 {[%emt 0:00:16]} 33. Ng1 {[%emt 0:00:10]} Rd8 {[%emt 0:00:14]} 34. Kf3 {[%emt 0:00:09]} Be5 {[%emt 0:00:22]} 35. Ne2 {[%emt 0:00:09]} R8d7 {[%emt 0:00:38]} 36. Rc2 {[%emt 0:00:16]} Rd8 {[%emt 0:00:25]} 37. Rcd2 {[%emt 0:00:09]} Kf6 {[%emt 0:01:04]} 38. h3 {[%emt 0:03:28]} R8d7 {[%emt 0:00:25]} 39. Rc2 {[%emt 0:01:28]} Rd8 {[%emt 0:00:23]} 40. Kg2 {[%emt 0:00:00]} Ke6 {[%emt 0:00:00]} 41. Nd4+ {[%emt 0:05:10]} Bxd4 {[%emt 0:01:04]} 42. Rxd4 {[%emt 0:00:10]} Ke5 {[%emt 0:00:08]} 43. Rcd2 {[%emt 0:00:08]} R8d7 {[%emt 0:00:16]} 44. Rh4 {[%emt 0:00:40]} Rg6 {[%emt 0:00:25]} 45. Rdd4 {[%emt 0:00:43]} Rf6 {[%emt 0:00:27]} 46. Rh5 {[%emt 0:00:44]} Rdd6 {[%emt 0:01:15]} 47. g4 {[%emt 0:02:00]} Rd8 {[%emt 0:00:50]} 48. Rf4 {[%emt 0:00:11]} Rg8 {[%emt 0:00:04]} 49. Rfxf5+ {[%emt 0:00:26]} Rxf5 {[%emt 0:00:05]} 50. Rxf5+ {[%emt 0:00:07]} Ke4 {[%emt 0:00:00]} 51. Rf3 {[%emt 0:04:00]} h5 {[%emt 0:03:43]} 52. Rg3 {[%emt 0:03:40]} h4 {[%emt 0:00:42]} 53. Rf3 {[%emt 0:00:09]} Ra8 {[%emt 0:01:00]} 54. Rxf7 {[%emt 0:16:24]} Kd3 {[%emt 0:00:12]} 55. f4 {[%emt 0:00:21]} Kxc3 {[%emt 0:04:04]} 56. g5 {[%emt 0:01:17]} Re8 {[%emt 0:42:21]} 57. Kf2 {[%emt 0:13:10]} d4 {[%emt 0:04:34]} 58. exd4 {[%emt 0:01:33]} Kd2 $2 {[%emt 0:01:36]} (58... Kxb4 $16 59. Rd7 Rc8) 59. g6 {[%emt 0:02:52]} c3 {[%emt 0:02:36]} 60. Rc7 {[%emt 0:00:27]} c2 {[%emt 0:00:23]} 61. Kf3 $2 {[%emt 0:00:39]} (61. Rxc2+ $11 {and White stays safe.} Kxc2 62. Kf3) 61... Re3+ {[%emt 0:00:46]} 62. Kf2 {[%emt 0:00:52]} Rxh3 {[%emt 0:14:21]} 63. f5 {[%emt 0:05:54]} Rg3 {[%emt 0:02:13]} 64. d5 {[%emt 0:01:31]} Rg5 {[%emt 0:08:59]} 65. Kf3 {[%emt 0:03:22]} Rxf5+ {[%emt 0:01:36]} 66. Kg4 $19 {[%emt 0:01:55]} Rxd5 {[%emt 0:02:03]} 67. g7 {[%emt 0:00:12]} Rd8 {[%emt 0:00:06]} 68. Rd7+ {[%emt 0:00:14]} Rxd7 {[%emt 0:00:03]} 69. g8=Q {[%emt 0:00:05]} c1=Q 70. Qg5+ {[%emt 0:00:14]} Kd1 {[%emt 0:00:49]} 0-1

[Event "IIFL Wealth 4th Mumbai GM"]
[Site "Mumbai"]
[Date "2019.01.06"]
[Round "8"]
[White "Srihari L R"]
[Black "Rakshitta Ravi"]
[Result "1-0"]
[WhiteElo "2316"]
[BlackElo "2141"]
[Annotator "NA"]
[PlyCount "59"]
[EventDate "2018.12.30"]
[EventType "swiss"]
[EventCountry "IND"]
[SourceTitle "playchess.com"]
[Source "ChessBase"]
[SourceQuality "1"]
[TimeControl "40/5400+30:1800+30"]

1. d4 {[%emt 0:00:10]} d5 {[%emt 0:00:47]} 2. c4 {[%emt 0:02:52]} e6 {[%emt 0:00:05]} 3. Nc3 {[%emt 0:00:22]} Nf6 {[%emt 0:00:07]} 4. cxd5 {[%emt 0:00:17]} exd5 {[%emt 0:00:05]} 5. Bg5 {[%emt 0:00:08]} Nbd7 {[%emt 0:00:12]} 6. e3 {[%emt 0:00:11]} Be7 {[%emt 0:00:06]} 7. Bd3 {[%emt 0:00:34]} c6 {[%emt 0:00:05]} 8. Qc2 {[%emt 0:00:11]} O-O {[%emt 0:00:20]} 9. Nf3 {[%emt 0:00:19]} Re8 {[%emt 0:01:08]} 10. O-O {[%emt 0:00:09]} h6 {[%emt 0:00:25]} 11. Bf4 {[%emt 0:03:12]} Nf8 {[%emt 0:02:54]} 12. h3 {[%emt 0:02:10]} Ne6 {[%emt 0:03:21]} 13. Bh2 {[%emt 0:04:49]} Bd6 {[%emt 0:06:16]} 14. Be5 {[%emt 0:01:52]} a6 {[%emt 0:12:49]} 15. Rfd1 {[%emt 0:03:11]} Qe7 {[%emt 0:15:07]} 16. Rac1 {[%emt 0:14:44]} Bxe5 {[%emt 0:09:55]} 17. Nxe5 {[%emt 0:00:17]} c5 {[%emt 0:00:13]} 18. Ng4 {[%emt 0:09:24]} Nxg4 {[%emt 0:06:05]} 19. hxg4 {[%emt 0:02:13]} cxd4 {[%emt 0:03:02]} 20. Nxd5 {[%emt 0:00:17]} Qd6 {[%emt 0:20:05]} 21. Qb3 {[%emt 0:15:17]} Nc5 {[%emt 0:05:06]} 22. Qb6 {[%emt 0:00:20]} Qxd5 {[%emt 0:02:37]} 23. Rxc5 {[%emt 0:00:07]} Qd8 {[%emt 0:04:44]} 24. Qxd8 {[%emt 0:10:56]} Rxd8 {[%emt 0:00:01]} 25. Be2 {[%emt 0:00:47]} Be6 {[%emt 0:01:50]} 26. exd4 {[%emt 0:01:41]} Bxa2 {[%emt 0:00:06]} 27. Bf3 {[%emt 0:00:16]} Rd7 {[%emt 0:00:11]} 28. Ra1 {[%emt 0:01:25]} Bb3 {[%emt 0:03:57]} 29. Ra3 {[%emt 0:00:01]} Be6 {[%emt 0:02:08]} 30. d5 {[%emt 0:00:07]} 1-0

[Event "IIFL Wealth 4th Mumbai GM"]
[Site "Mumbai"]
[Date "2019.01.06"]
[Round "8"]
[White "Kathmale, Sameer"]
[Black "Thrish Karthik"]
[Result "1-0"]
[WhiteElo "2312"]
[BlackElo "2168"]
[Annotator "NA"]
[PlyCount "93"]
[EventDate "2018.12.30"]
[EventType "swiss"]
[EventCountry "IND"]
[SourceTitle "playchess.com"]
[Source "ChessBase"]
[SourceQuality "1"]
[TimeControl "40/5400+30:1800+30"]

1. e4 {[%emt 0:00:00]} c5 {[%emt 0:00:00]} 2. c3 {[%emt 0:00:10]} Nf6 {[%emt 0:00:00]} 3. e5 {[%emt 0:00:07]} Nd5 {[%emt 0:00:00]} 4. Bc4 {[%emt 0:00:35]} Nb6 {[%emt 0:00:57]} 5. Bb3 {[%emt 0:00:05]} d5 {[%emt 0:01:33]} 6. exd6 {[%emt 0:00:06]} Qxd6 {[%emt 0:06:28]} 7. Nf3 {[%emt 0:00:06]} g6 {[%emt 0:03:09]} 8. d4 {[%emt 0:02:13]} cxd4 {[%emt 0:09:03]} 9. Qxd4 {[%emt 0:01:03]} Qxd4 {[%emt 0:01:02]} 10. Nxd4 {[%emt 0:00:02]} Bd7 {[%emt 0:05:30]} 11. Na3 {[%emt 0:05:02]} a6 {[%emt 0:10:54]} 12. Be3 {[%emt 0:00:48]} Nc8 {[%emt 0:01:23]} 13. Bd5 {[%emt 0:09:22]} Nc6 {[%emt 0:10:44]} 14. Nc4 {[%emt 0:07:14]} Bg7 {[%emt 0:08:42]} 15. O-O-O {[%emt 0:02:18]} Nd8 {[%emt 0:28:40]} 16. Na5 {[%emt 0:07:34]} Nd6 {[%emt 0:00:57]} 17. Bf4 {[%emt 0:00:43]} e5 {[%emt 0:04:01]} 18. Bxe5 {[%emt 0:03:14]} Bxe5 {[%emt 0:00:20]} 19. Rhe1 {[%emt 0:00:07]} f6 {[%emt 0:03:02]} 20. f4 {[%emt 0:00:10]} N8f7 {[%emt 0:01:01]} 21. Nxb7 {[%emt 0:05:14]} Nxb7 {[%emt 0:01:36]} 22. Bxb7 {[%emt 0:00:34]} Ra7 {[%emt 0:00:47]} 23. Bd5 {[%emt 0:04:18]} Bg4 {[%emt 0:00:39]} 24. fxe5 {[%emt 0:07:32]} Nxe5 {[%emt 0:00:44]} 25. Nc6 {[%emt 0:01:00]} Re7 {[%emt 0:00:39]} 26. Nxe7 {[%emt 0:00:14]} Bxd1 {[%emt 0:00:04]} 27. Ng8 {[%emt 0:03:07]} Ba4 {[%emt 0:00:54]} 28. Nxf6+ {[%emt 0:00:14]} Ke7 {[%emt 0:00:15]} 29. Rxe5+ {[%emt 0:01:06]} Kxf6 {[%emt 0:00:08]} 30. Re6+ {[%emt 0:00:05]} Kf5 {[%emt 0:00:22]} 31. Rxa6 {[%emt 0:00:02]} Bb5 {[%emt 0:00:56]} 32. Ra5 {[%emt 0:00:09]} Bd3 {[%emt 0:00:16]} 33. Bc4+ {[%emt 0:02:12]} Ke4 {[%emt 0:00:03]} 34. Bxd3+ {[%emt 0:00:07]} Kxd3 {[%emt 0:00:03]} 35. Rd5+ {[%emt 0:00:11]} Ke2 {[%emt 0:00:11]} 36. a4 {[%emt 0:00:16]} Kf2 {[%emt 0:00:04]} 37. Rd2+ {[%emt 0:00:06]} Kg1 {[%emt 0:00:17]} 38. h3 {[%emt 0:00:21]} Ra8 {[%emt 0:00:12]} 39. b3 {[%emt 0:00:10]} h5 {[%emt 0:00:21]} 40. Kc2 {[%emt 0:00:00]} g5 {[%emt 0:00:00]} 41. c4 {[%emt 0:00:51]} g4 {[%emt 0:00:06]} 42. hxg4 {[%emt 0:00:20]} hxg4 {[%emt 0:00:08]} 43. c5 {[%emt 0:00:21]} Ra5 {[%emt 0:00:07]} 44. b4 {[%emt 0:00:39]} Rxa4 {[%emt 0:00:06]} 45. Kb3 {[%emt 0:00:06]} Ra1 {[%emt 0:00:03]} 46. c6 {[%emt 0:00:13]} Rc1 {[%emt 0:00:13]} 47. Rc2 {[%emt 0:00:27]} 1-0

[Event "IIFL Wealth 4th Mumbai GM"]
[Site "Mumbai"]
[Date "2019.01.06"]
[Round "8"]
[White "Konguvel, Ponnuswamy"]
[Black "Varshini, V."]
[Result "1-0"]
[WhiteElo "2282"]
[BlackElo "2171"]
[Annotator "NA"]
[PlyCount "61"]
[EventDate "2018.12.30"]
[EventType "swiss"]
[EventCountry "IND"]
[SourceTitle "playchess.com"]
[Source "ChessBase"]
[SourceQuality "1"]
[TimeControl "40/5400+30:1800+30"]

1. e4 {[%emt 0:00:00]} c5 {[%emt 0:00:00]} 2. Nf3 {[%emt 0:00:00]} d6 {[%emt 0:00:04]} 3. d4 {[%emt 0:00:25]} cxd4 {[%emt 0:00:11]} 4. Nxd4 {[%emt 0:00:06]} Nf6 {[%emt 0:00:10]} 5. Nc3 {[%emt 0:00:06]} a6 {[%emt 0:00:15]} 6. Bg5 {[%emt 0:00:25]} e6 {[%emt 0:00:22]} 7. f4 {[%emt 0:00:22]} Be7 {[%emt 0:00:51]} 8. Qf3 {[%emt 0:00:17]} Qc7 {[%emt 0:00:57]} 9. O-O-O {[%emt 0:00:51]} Nbd7 {[%emt 0:00:37]} 10. g4 {[%emt 0:00:41]} b5 {[%emt 0:03:55]} 11. Bxf6 {[%emt 0:00:43]} Nxf6 {[%emt 0:00:19]} 12. g5 {[%emt 0:00:23]} Nd7 {[%emt 0:00:36]} 13. f5 {[%emt 0:00:29]} Bxg5+ {[%emt 0:08:16]} 14. Kb1 {[%emt 0:01:25]} Ne5 {[%emt 0:00:16]} 15. Qh5 {[%emt 0:01:30]} Qd8 {[%emt 0:01:34]} 16. h4 {[%emt 0:03:30]} Bf6 {[%emt 0:20:08]} 17. fxe6 {[%emt 0:01:13]} g6 {[%emt 0:16:28]} 18. exf7+ {[%emt 0:14:32]} Kxf7 {[%emt 0:00:55]} 19. Qh6 {[%emt 0:01:58]} Ng4 {[%emt 0:11:18]} 20. Qd2 {[%emt 0:31:17]} Re8 {[%emt 0:20:02]} 21. Nd5 {[%emt 0:16:45]} Kg7 {[%emt 0:06:01]} 22. h5 {[%emt 0:00:50]} Bg5 {[%emt 0:02:57]} 23. Qc3 {[%emt 0:00:37]} Ne5 {[%emt 0:02:01]} 24. hxg6 {[%emt 0:05:54]} hxg6 {[%emt 0:00:46]} 25. Nc7 {[%emt 0:00:43]} Bg4 {[%emt 0:01:03]} 26. Nxe8+ {[%emt 0:04:33]} Qxe8 {[%emt 0:00:07]} 27. Be2 {[%emt 0:00:28]} Rc8 {[%emt 0:00:54]} 28. Qg3 {[%emt 0:00:16]} Bxe2 {[%emt 0:01:04]} 29. Qxg5 {[%emt 0:01:44]} Bxd1 {[%emt 0:00:58]} 30. Nf5+ {[%emt 0:00:09]} Kg8 {[%emt 0:00:39]} 31. Rh8+ {[%emt 0:00:09]} 1-0

[Event "IIFL Wealth 4th Mumbai GM"]
[Site "Mumbai"]
[Date "2019.01.06"]
[Round "8"]
[White "Mohota, Nisha"]
[Black "Vantika Agrawal"]
[Result "1-0"]
[WhiteElo "2264"]
[BlackElo "2143"]
[Annotator "NA"]
[PlyCount "99"]
[EventDate "2018.12.30"]
[EventType "swiss"]
[EventCountry "IND"]
[SourceTitle "playchess.com"]
[Source "ChessBase"]
[SourceQuality "1"]
[TimeControl "40/5400+30:1800+30"]

1. e4 {[%emt 0:00:00]} c5 {[%emt 0:00:00]} 2. Nf3 {[%emt 0:00:00]} Nc6 {[%emt 0:00:00]} 3. Bb5 {[%emt 0:00:12]} g6 {[%emt 0:00:05]} 4. Bxc6 {[%emt 0:00:23]} bxc6 {[%emt 0:00:30]} 5. O-O {[%emt 0:00:41]} Bg7 {[%emt 0:00:09]} 6. Re1 {[%emt 0:00:23]} Nh6 {[%emt 0:00:24]} 7. c3 {[%emt 0:00:37]} O-O {[%emt 0:00:21]} 8. h3 {[%emt 0:00:29] B31: Sicilian: 2...Nc6 3 Bb5 g6} f5 {[%emt 0:00:54]} 9. e5 {[%emt 0:00:27]} Nf7 {[%emt 0:00:36]} 10. d3 {[%emt 0:00:12]} Rb8 {[%emt 0:06:40]} (10... d6 11. Bf4 Ba6 12. Na3 Rb8 13. Qd2 dxe5 14. Nxe5 Nxe5 15. Bxe5 Bxe5 16. Rxe5 Qxd3 {1-0 (50) Amin,B (2686)-Guseinov,G (2667) Hoogeveen 2018}) 11. Qa4 {[%emt 0:15:33]} Qc7 {[%emt 0:31:27]} 12. Na3 $146 {[%emt 0:02:05]} ({Predecessor:} 12. Bf4 Nd8 13. Qc4+ Ne6 14. Ng5 Rxb2 15. Nxe6 dxe6 {½-½ (48) Liang,A (2570)-Fier,A (2582) Saint Louis 2018}) 12... Nxe5 {[%emt 0:26:43]} 13. Nxe5 {[%emt 0:07:49]} Bxe5 {[%emt 0:00:10]} 14. Rxe5 {[%emt 0:08:56]} Qxe5 {[%emt 0:02:41]} 15. Bf4 {[%emt 0:00:08]} Rb4 {[%emt 0:00:39]} 16. cxb4 {[%emt 0:08:16]} Qxf4 {[%emt 0:00:16]} 17. Qb3+ {[%emt 0:00:08]} d5 {[%emt 0:11:19]} 18. bxc5 {[%emt 0:00:03]} e5 {[%emt 0:02:38]} 19. Nc2 {[%emt 0:05:25]} e4 {[%emt 0:00:53]} 20. dxe4 {[%emt 0:05:14]} fxe4 {[%emt 0:00:39]} 21. Qe3 {[%emt 0:00:06]} Qf6 {[%emt 0:07:58]} 22. Nd4 {[%emt 0:01:21]} Ba6 {[%emt 0:03:10]} 23. Rd1 {[%emt 0:08:55]} Bd3 {[%emt 0:01:04]} 24. Rd2 {[%emt 0:02:58]} a5 {[%emt 0:00:51]} 25. b3 {[%emt 0:03:44]} Rf7 {[%emt 0:01:35]} 26. a3 {[%emt 0:05:21]} Qe7 {[%emt 0:00:43]} 27. b4 {[%emt 0:07:29]} axb4 {[%emt 0:00:27]} 28. Nxc6 {[%emt 0:04:55]} Qf6 {[%emt 0:00:19]} 29. Nxb4 {[%emt 0:00:10]} Qa1+ {[%emt 0:00:32]} 30. Kh2 {[%emt 0:00:03]} d4 {[%emt 0:00:33]} 31. Qg5 {[%emt 0:00:38]} Qxa3 {[%emt 0:00:41]} 32. Qd8+ {[%emt 0:01:24]} Rf8 {[%emt 0:00:19]} 33. Qd5+ {[%emt 0:01:08]} Rf7 {[%emt 0:00:25]} 34. Nxd3 {[%emt 0:01:20]} exd3 {[%emt 0:00:15]} 35. Qxd4 {[%emt 0:00:19]} Rf5 {[%emt 0:00:58]} 36. c6 {[%emt 0:04:26]} Qc1 {[%emt 0:00:32]} 37. Qd8+ {[%emt 0:01:11]} Rf8 {[%emt 0:00:17]} 38. Qd5+ {[%emt 0:00:46]} Kg7 {[%emt 0:00:16]} 39. Rxd3 {[%emt 0:01:08]} Qf4+ {[%emt 0:00:21]} 40. Rg3 {[%emt 0:00:00]} Qxf2 {[%emt 0:00:00]} 41. Qe5+ {[%emt 0:05:52]} (41. c7 $142 Qf4 42. Qd7+ Rf7 43. c8=Q Rxd7 44. Qxd7+ Qf7 45. Qd2) 41... Kh6 {[%emt 0:21:58]} 42. Qe3+ {[%emt 0:08:32]} (42. c7 $142 Rf5 43. Qc3) 42... Qxe3 {[%emt 0:00:29]} 43. Rxe3 {[%emt 0:00:02]} Rc8 {[%emt 0:04:48]} 44. Rc3 {[%emt 0:00:04]} Kg5 {[%emt 0:00:52]} 45. c7 {[%emt 0:03:13]} Kf4 $18 {[%emt 0:01:44]} 46. Rc4+ {[%emt 0:02:29]} Ke5 {[%emt 0:00:12]} 47. Kg3 {[%emt 0:00:12]} Kd6 {[%emt 0:01:13]} 48. Kf4 {[%emt 0:00:28]} Rxc7 {[%emt 0:00:41]} 49. Rc5 Rc6 50. Rxc6+ {[%emt 0:01:02] Kc7 [%clk 0:04:09]} 1-0

[Event "IIFL Wealth 4th Mumbai GM"]
[Site "Mumbai"]
[Date "2019.01.06"]
[Round "8"]
[White "Saurabh Anand"]
[Black "Das, Sayantan"]
[Result "1/2-1/2"]
[WhiteElo "2246"]
[BlackElo "2453"]
[Annotator "TA"]
[PlyCount "83"]
[EventDate "2018.12.30"]
[EventType "swiss"]
[EventCountry "IND"]
[SourceTitle "playchess.com"]
[Source "ChessBase"]
[SourceQuality "1"]

{[%evp 17,83,14,17,20,16,32,48,23,22,10,31,25,19,26,23,21,27,25,41,14,35,35,35,32,46,57,41,48,63,59,52,0,20,0,39,46,46,36,41,0,0,0,0,0,0,0,0,0,0,0,0,0,0,0,31,29,25,32,67,63,147,125,141,154,175,147,194,192]} 1. e4 {[%cal Be2e4,Be4e5][%mdl 32]} g6 2. d4 Bg7 3. Nf3 d6 4. Bc4 Nf6 5. Qe2 c6 6. e5 Nd5 7. O-O O-O 8. c3 Bg4 9. exd6 Qxd6 10. Nbd2 $146 {B06: Modern Defence} ({Predecessor:} 10. h3 Bxf3 11. Qxf3 Nd7 12. Nd2 e5 13. Bxd5 cxd5 14. dxe5 Nxe5 15. Qg3 d4 16. cxd4 Qxd4 17. Nb3 Qd3 {0-1 (46) Rodi,L (2243)-Della Morte,P (2285) Pinamar 2005}) 10... Nd7 11. h3 Bf5 12. Ne4 {White is slightly better.} Bxe4 13. Qxe4 b5 14. Bb3 e6 15. Qh4 c5 16. dxc5 Nxc5 17. Bh6 Bxh6 18. Bxd5 (18. Qxh6 $5 {[%cal Rb3d5]} f6 19. Rfd1 $11) 18... exd5 19. Qxh6 {Threatening mate with Ng5.} Ne4 20. Rad1 f5 21. Rd4 Rae8 22. Rfd1 Nf6 {[%cal Be4f6,Bf6e4,Be4d2,Bd2f1][%mdl 32]} 23. a4 Re2 24. Rb4 bxa4 $1 25. Nd4 Re7 26. Rxa4 Rfe8 {( -> ...Re1+)} 27. Qd2 Ne4 28. Nb5 (28. Qc1 {is interesting.} Nc5 29. Ra1 Qb6 30. Qb1 Ne4 31. Qa2) 28... Nxd2 29. Nxd6 Re1+ 30. Rxe1 Rxe1+ $11 {[%mdl 4096] Endgame KRN-KRN} 31. Kh2 Nf1+ 32. Kg1 Nd2+ 33. Kh2 Rb1 34. Kg3 Rxb2 35. Rxa7 Rb6 36. Nc8 Ne4+ 37. Kf4 Re6 38. Ne7+ Kh8 ({Better is} 38... Kf8 $1 $14 39. Nxd5 {[%mdl 64] Discovered Attack} Nxf2) 39. f3 $1 $16 {[%cal Rf3e4]} ({Don't do} 39. Nxd5 $6 Nxf2 40. Ra2 Ne4 $14) 39... Nxc3 40. Kg5 $1 {White is clearly better.} Nb5 {[#]} 41. Rd7 $1 {[%mdl 1024] White has strong compensation.} Rd6 {[#]} 42. Rb7 $1 {Accuracy: White = 79%, Black = 42%.} 1/2-1/2

[Event "IIFL Wealth 4th Mumbai GM"]
[Site "Mumbai"]
[Date "2019.01.06"]
[Round "8"]
[White "Varga, Klara"]
[Black "Gandhi, Anish"]
[Result "1-0"]
[WhiteElo "2242"]
[BlackElo "2134"]
[Annotator "NA"]
[PlyCount "53"]
[EventDate "2018.12.30"]
[EventType "swiss"]
[EventCountry "IND"]
[SourceTitle "playchess.com"]
[Source "ChessBase"]
[SourceQuality "1"]
[TimeControl "40/5400+30:1800+30"]

1. c4 {[%emt 0:00:00]} e5 {[%emt 0:00:00]} 2. Nc3 {[%emt 0:00:00]} Nf6 {[%emt 0:00:00]} 3. g3 {[%emt 0:00:00]} d5 {[%emt 0:00:00]} 4. cxd5 {[%emt 0:00:00]} Nxd5 {[%emt 0:00:04]} 5. Bg2 {[%emt 0:00:00]} Nb6 {[%emt 0:00:08]} 6. Nf3 {[%emt 0:00:03]} Nc6 {[%emt 0:00:32]} 7. O-O {[%emt 0:00:09]} Be7 {[%emt 0:00:02]} 8. a3 {[%emt 0:00:07]} O-O {[%emt 0:00:16]} 9. b4 {[%emt 0:00:04]} Be6 {[%emt 0:01:52]} 10. Rb1 {[%emt 0:01:10]} f6 {[%emt 0:02:34]} 11. d3 {[%emt 0:00:07]} a5 {[%emt 0:01:20]} 12. b5 {[%emt 0:00:18]} Nd4 {[%emt 0:00:06]} 13. Nd2 {[%emt 0:00:04]} Nd5 {[%emt 0:09:24]} 14. Bxd5 {[%emt 0:00:38]} Bxd5 {[%emt 0:00:18]} 15. e3 {[%emt 0:00:06]} Nf5 {[%emt 0:13:23]} 16. e4 {[%emt 0:00:20]} Be6 {[%emt 0:00:04]} 17. exf5 {[%emt 0:00:06]} Bxf5 {[%emt 0:00:04]} 18. Nde4 {[%emt 0:00:09]} Bh3 {[%emt 0:01:23]} 19. Re1 {[%emt 0:01:12]} f5 {[%emt 0:01:30]} 20. Nd2 {[%emt 0:00:07]} Qxd3 {[%emt 0:05:03]} 21. Qb3+ {[%emt 0:00:06]} Kh8 {[%emt 0:00:50]} 22. Nd5 {[%emt 0:00:06]} Qxb3 {[%emt 0:00:20]} 23. Rxb3 {[%emt 0:00:04]} Bd6 {[%emt 0:03:44]} 24. Nc4 {[%emt 0:00:07]} Rac8 {[%emt 0:04:17]} 25. Nxe5 {[%emt 0:01:22]} Rce8 {[%emt 0:00:06]} 26. Bb2 {[%emt 0:00:25]} b6 {[%emt 0:02:05]} 27. Nf4 {[%emt 0:00:20]} 1-0

[Event "IIFL Wealth 4th Mumbai GM"]
[Site "Mumbai"]
[Date "2019.01.06"]
[Round "8"]
[White "Navalgund, Niranjan"]
[Black "Khusenkhojaev, Muhammad"]
[Result "0-1"]
[WhiteElo "2240"]
[BlackElo "2455"]
[Annotator "TA"]
[PlyCount "111"]
[EventDate "2018.12.30"]
[EventType "swiss"]
[EventCountry "IND"]
[SourceTitle "playchess.com"]
[Source "ChessBase"]
[SourceQuality "1"]

{[%evp 15,111,56,64,63,62,27,29,-12,-8,-5,7,0,14,-19,-21,-37,-29,-43,-20,-37,-33,-27,0,0,0,0,0,-96,-87,-126,-113,-123,-92,-99,-99,-99,-99,-114,-47,-60,-15,-19,12,-56,-44,-71,-64,-62,-73,-110,-117,-104,-104,-213,-213,-193,-204,-202,-203,-316,-313,-318,-313,-356,-353,-385,-382,-359,-343,-561,-569,-581,-580,-548,-549,-710,-647,-1217,-1146,-1028,-1045,-1473,-992,-2146,-2004,-2465,-2133,-29982,-29983,-29984,-29985,-29985,-29986,-29986,-29987,-29987,-29988,-29989]} 1. d4 Nf6 2. c4 g6 3. Nc3 d5 4. Nf3 Bg7 5. h4 c6 6. Bg5 {D90: Grünfeld: 4 Nf3 Bg7 sidelines} Ne4 7. e3 Nxg5 8. hxg5 e6 {LiveBook: 5 Games} 9. Bd3 $146 ({Predecessor:} 9. e4 dxe4 10. Nxe4 Qa5+ 11. Qd2 Qxd2+ 12. Kxd2 Nd7 {1-0 (31) Mamedyarov,S (2757)-Karjakin,S (2756) Beijing 2013}) 9... Nd7 10. Qe2 Qe7 11. e4 {[%cal Re4d5]} dxc4 12. Bxc4 c5 13. d5 {aiming for e5.} Nb6 $1 14. d6 (14. Bb5+ {feels hotter.} Kf8 15. dxe6 Bxe6 16. Qe3 Rd8 17. Be2) 14... Bxc3+ 15. bxc3 Qxd6 16. e5 Qc7 17. Nd2 Bd7 18. Ne4 Nxc4 19. Qxc4 Qxe5 {[#] And now ...Bc6 would win.} 20. f4 $1 {[%cal Rf4e5]} Qc7 $1 {Hoping for ...0-0-0.} 21. Rd1 (21. Nf6+ $11 {was the only way to keep the balance.} Ke7 22. O-O-O) 21... O-O-O $17 {Threatens to win with ...Bc6.} 22. Qxc5 Qxc5 23. Nxc5 Bc6 24. Rxd8+ Kxd8 {[%mdl 4096] Endgame KRB-KRN} 25. Kf2 Ke7 26. c4 Rd8 (26... f6 $17 27. gxf6+ Kxf6) 27. Ke3 $1 $15 Bxg2 28. Rxh7 e5 {...exf4+ is the strong threat.} 29. fxe5 (29. Nd3 $1 $11 exf4+ 30. Nxf4) 29... b6 30. Nd3 {Black must now prevent e6!} Bf1 31. Nb4 Ke6 32. Nc6 Rd7 33. Rh4 Bg2 34. Nb4 (34. Nd4+ $17 Kxe5 35. Rg4) 34... Kxe5 $19 35. Rh2 Be4 36. Rh4 Bb7 37. Nd3+ (37. Rg4 {is a better defense.}) 37... Kf5 38. c5 Kxg5 39. Ra4 Bc6 40. Rb4 bxc5 41. Nxc5 Re7+ 42. Kd4 $2 (42. Kf2) 42... f5 43. Rb8 f4 44. Rf8 Bg2 45. a4 Kg4 46. a5 g5 {[%cal Bg6g5,Bg5g4][%mdl 32]} 47. Nd3 Kg3 48. Rf5 Re4+ 49. Kc3 g4 50. Rf7 f3 51. Rxa7 Re3 {Black mates.} 52. Kd2 {[#]} Rxd3+ $1 {[%mdl 576] Remove Defender, Promotion} 53. Kxd3 f2 54. Rf7 f1=Q+ 55. Rxf1 Bxf1+ 56. Kd4 {Accuracy: White = 33%, Black = 80%.} 0-1